German: A-Level Year 2 - Adjectives 1 - Statistics

General Stats
  • This quiz has been taken 68 times
  • The average score is 16 of 49
Answer Stats
Answer Hint % Correct
rassistisch Racist
80%
ganz Whole
70%
gewohnt Usual/used
70%
schlimm Bad
70%
gerecht Fair/just
60%
spielerisch Playful
60%
rechtsextrem Far-right
50%
spürbar Noticeable
50%
ausgeschlossen Excluded
40%
betroffen Affected
40%
gefragt Popular/in demand
40%
gering Low/small
40%
mehrheitlich Majority
40%
optisch Optical/visual
40%
ständig Constant
40%
unbestreitbar Undeniable/indisputable
40%
angemessen Appropriate
30%
dauerhaft Permanent/durable/lasting
30%
demütigend Humiliating
30%
ehemalig Former
30%
einheitlich Uniform/consistent
30%
fehlend Missing/lacking
30%
fiskalisch Fiscal
30%
gleichmäßig Uniform/smooth/consistent
30%
hochwertig High quality
30%
konsequent Consistent
30%
pflegebedürftig In need of care
30%
rechtsradikal Radical right-wing
30%
schief Crooked
30%
schutzbedürftig Vulnerable
30%
schwungvoll Lively
30%
wettbewerbsfähig Competitive/competitiveness
30%
entgegengesetzt Opposite/opposed
20%
entscheidend Crucial/decisive
20%
erfinderisch Inventive/resourceful
20%
erwünscht Desired
20%
hiesig Local
20%
integrierbar Can be integrated
20%
parteiisch Biased
20%
rücksichtslos Ruthless/reckless/inconsiderate
20%
sehnsüchtig Longing
20%
umgehend Immediate
20%
umstritten Controversial
20%
unzureichend Insufficient/inadequate
20%
ursprünglich Original
20%
verfolgt Persecuted
20%
wohlhabend Wealthy/prosperous
20%
zeitlich begrenzt Temporary/limited in time
20%
vergeblich Futile
10%
No matching quizzes found
Score Distribution
Percent of People with Each Score
Percentile by Number Answered
Your Score History
You have not taken this quiz